| 000 | 01076cam a2200193 4500 | ||
|---|---|---|---|
| 001 | L137177 | ||
| 008 | 070320s2007 xxk f 000 0 eng d | ||
| 035 | _a(Sirsi) u137177 | ||
| 041 | 0 | _aeng | |
| 245 | 0 | 0 |
_aDouglas Shed Seven Limited v Co-operative Wholesale Society Ltd _h[electronic resource] |
| 260 | _c2007 | ||
| 520 | _a[2007] CSOH 53, 9 March 2007. A property company sought damages against tenants in a retail development claiming the tenants broke an agreement to keep a store open. The retailers had claimed that the keep-open clause had been breached because of staff intimidation at the store. "Held" the claim was rejected by the judge who said the closure had devalued the shopping centre by 50%. | ||
| 590 | _aKA | ||
| 650 | 2 | 4 | _aDOUGLAS SHELF SEVEN LTD V CO-OPERATIVE WHOLESALE SOCIETY LTD |
| 651 | 4 |
_aScotland _y1999- |
|
| 690 | _aPROPERTY-COMMERCIAL PROPERTY-COMMERCIAL LANDLORD AND TENANT-COMMERCIAL LEASES | ||
| 856 | 4 | 0 |
_uhttps://www.scotcourts.gov.uk/opinions/2007CSOH53.html _zView the item free of charge at www.scotcourts.gov.uk... |
| 942 | _n0 | ||
| 999 |
_c106676 _d106676 |
||